| 000 | 01102nam a2200217 a 4500 | ||
|---|---|---|---|
| 001 | 000041139 | ||
| 005 | 20201002034642.0 | ||
| 008 | 130919s1977 sp 000 0 spa d | ||
| 020 | _a8400036484(v.7) | ||
| 020 | _a8400054391 (v.10) | ||
| 040 |
_aDO-SdBNP _bspa _cBNPHU |
||
| 245 | 0 | 0 |
_aCuadernos de Historia : _bAnexos de la revista Hispania / _cdirector Miguel Ángel Ladero Quesada. |
| 260 |
_aMadrid : _bInstituto Jeronimo Zurita, _c1977. |
||
| 300 |
_av. ; _c25 cm _bil. |
||
| 490 | 1 |
_aCuadernos de Historia _v. 7 |
|
| 504 | _aIncluye referencias bibliográficas y notas al pie de las páginas | ||
| 505 | 0 |
_gv. 7 _tAndalucía, de la Edad Media a la Moderna / _rvolumen preparado bajo la dirección del profesor Miguel Ángel Ladero Quesada -- _gv. 10 _taEstudios de historia de la Región Murciana _rpresentación José María Jover Zamora ; coordinadora María Teresa Pérez Picazo |
|
| 700 | 1 |
_aLadero Quesada, Miguel Ángel, _edir. _967684 |
|
| 710 | 2 |
_aConsejo Superior de Investigaciones Científicas (España) : _bInstituto "Jerónimo Zurita" _967685 |
|
| 830 | 0 |
_aCuadernos de Historia _v7 _967686 |
|
| 999 |
_c40629 _d40629 |
||